Introduction to probability and statistics /

Guardado en:
Autor Principal: Alder, Henry L.
Otros Autores: Roessler, Edward B.
Formato: Libro
Idioma:English
Publicado: San Francisco : W. H. Freeman, c1964.
Edición:3rd ed.
Series:A series of books in mathematics
Etiquetas: Agregar Etiqueta
Sin Etiquetas, Sea el primero en etiquetar este registro!
LEADER 00589nam a22001815a 4500
001 MAT.inmabb001419
008 031124s1964####cau###########000#0#eng#d
005 20130225125437.0
245 1 0 |a Introduction to probability and statistics /  |c Henry L. Alder, Edward B. Roessler. 
250 |a 3rd ed. 
260 |a San Francisco :  |b W. H. Freeman,  |c c1964. 
300 |a xiv, 313 p. ;  |c 25 cm. 
440 2 |a A series of books in mathematics 
100 1 |a Alder, Henry L. 
700 1 |a Roessler, Edward B. 
084 |a 62-01 (60-01)  |2 msc2000 
010 |a  64021150  
859 |h 62  |i Al361  |p A-1684  |b BIB. MATEMATICA